000 00772nab a2200241 u 4500
001 19579
003 HDC
007 cr bn ---aaaaa
008 210302c |r|noo 0 a d
040 _aHDC
245 0 _aFCC PEMANGKIN PRODUK KECANTIKAN HALAL
260 _a[No place] :
_b[publisher not identified],
_c2017
336 _atext
_2rdacontent
337 _acomputer
_2rdamedia
338 _aonline resource
_2rdacarrier
650 _aCosmetic product
_95346
650 _aHalal cosmetic
_95164
710 _aSINAR HARIAN
856 _zRequest full-text at [email protected]
942 _2lcc
942 _cNEWS
942 _kNWSO 009759
999 _c16895
_d16895